Samuel Coleridge-Taylor musician. His life and letters
-д хадгалсан:
| Үндсэн зохиолч: | |
|---|---|
| Формат: | Ном |
| Хэл сонгох: | англи |
| Хэвлэсэн: |
Londres
Augener
1927
|
| Хэвлэл: | 2a. ed |
| Нөхцлүүд: | |
| Шошгууд: |
Шошго нэмэх
Шошго байхгүй, Энэхүү баримтыг шошголох эхний хүн болох!
|
MARC
| LEADER | 00000nam a2200000 a 4500 | ||
|---|---|---|---|
| 001 | UCI4609 | ||
| 003 | CL-VaPUC | ||
| 008 | 080125e19270000UK |||||||||||||||||eng|d | ||
| 082 | 0 | 4 | |a 928 |b SAY |2 21 |
| 100 | 0 | |a Sayers, W. C. Berwick |e author |9 526583 | |
| 245 | 1 | 0 | |a Samuel Coleridge-Taylor musician. His life and letters |
| 250 | |a 2a. ed | ||
| 300 | |a 331 p | ||
| 942 | |c BK | ||
| 945 | |d 20080125 00:00:00 |a rbrito | ||
| 260 | |a Londres |b Augener |c 1927 | ||
| 500 | |a Donación Padres Capuchinos | ||
| 600 | 0 | 7 | |a COLERIDGE, SAMUEL TAYLOR |2 CL-VaPUC |9 322435 |
| 650 | 0 | |a Biografías |9 255210 | |
| 650 | 0 | |a Músicos |9 306340 | |
| 583 | |a last modification |c 20080125 00:00:00 |k Rodrigo Vera | ||
| 999 | |c 328513 |d 328511 | ||
| 952 | |0 0 |1 0 |4 0 |6 928_000000000000000_SAY_1927 |7 0 |8 X |9 412442 |a FDOBUD |b FDOBUD |d 2019-11-22 |i 4404963 |o 928 SAY 1927 |p 4404963 |r 2019-11-22 |w 2019-11-22 |y BK_X |k BUD | ||